The physiological basis of physical education and athletics /

Bibliographic Details
Main Author: Fox, Edward L.
Other Authors: Bowers, Richard W., Foss, Merle L., 1936-
Format: Book
Language:English
Published: Philadelphia : Saunders College Pub., [1988]
Edition:4th ed.
Subjects:

MARC

Tag First Indicator Second Indicator Subfields
LEADER 00000cam a2200000 a 4500
001 in00000030285
005 20151007060252.0
008 870408s1988 paua b 00110 eng d
010 |a  87009679  
020 |a 0030112737 :  |c $25.95 
035 |a (OCoLC)16005720 
035 |9 AAC0450AM 
040 |a DNLM/DLC  |c DLC  |d TXA  |d UtOrBLW 
049 |a TXAM  |c [A11536451] 
050 0 0 |a RC1235  |b .F66 1988 
060 0 |a QT 260 F791p 
082 0 |a 612/.044  |2 19 
100 1 |a Fox, Edward L. 
245 1 4 |a The physiological basis of physical education and athletics /  |c Edward L. Fox, Richard W. Bowers, Merle L. Foss. 
250 |a 4th ed. 
264 1 |a Philadelphia :  |b Saunders College Pub.,  |c [1988] 
264 4 |c ©1988 
300 |a xvii, 734 pages :  |b illustrations ;  |c 25 cm. 
336 |a text  |b txt  |2 rdacontent 
337 |a unmediated  |b n  |2 rdamedia 
338 |a volume  |b nc  |2 rdacarrier 
504 |a Includes bibliographies and indexes. 
650 0 |a Sports  |x Physiological aspects. 
650 0 |a Physical education and training. 
700 1 |a Bowers, Richard W. 
700 1 |a Foss, Merle L.,  |d 1936- 
999 |a MARS 
999 f f |s bb18b91c-43d4-37ed-a6df-6b3466f985f1  |i 73825d16-fb93-31de-8820-184683c48e60  |t 0 
952 f f |p ric  |a Texas A&M University  |b Rellis Campus  |c Joint Library Facility  |d Remote Storage  |t 0  |e RC1235 .F66 1988  |h Library of Congress classification  |i unmediated -- volume  |m A14811536451 
998 f f |a RC1235 .F66 1988  |t 0  |l Remote Storage